Analýza konkurencieschopnosti východoslovenských strojárskych podnikov z hľadiska vstupu na jednotný trh EÚ

Salvato in:
Dettagli Bibliografici
Autore principale: Beca, Martin
Natura: Capitolo di libro
Lingua:slovacco
Tags: Aggiungi Tag
Nessun Tag, puoi essere il primo ad aggiungerne!!

MARC

LEADER 00000naa$a2200000$$$4500
001 0060247
005 20240502071650.9
041 0 |a slo 
044 |a SK 
245 1 0 |a Analýza konkurencieschopnosti východoslovenských strojárskych podnikov z hľadiska vstupu na jednotný trh EÚ  |c Martin Beca 
100 1 |a Beca, Martin